000 00328nam a2200133Ia 4500
008 240624s9999 xx 000 0 und d
041 _aeng
082 _a658.408 BAK
100 _aBAKER H KENT
245 _aCORPORATE GOVERNANCE A SYNTHESIS OF THEO
260 _c2010
_aNew Jersey
_bWiley
300 _a676 : p.
365 _c
_b30
999 _c19336
_d19336